| 000 | 01121nam0a22002651 4500 | ||
|---|---|---|---|
| 001 | rc\3928205 | ||
| 005 | 20130415112006.5 | ||
| 021 |
_aRU _b[53-17776] |
||
| 035 | _a(NLR Aleph) 007915106 | ||
| 090 |
_a8122033 _c8122033 |
||
| 100 | _a20130415d1953 |||y0rusy50 ca | ||
| 101 | 0 | _arus | |
| 102 | _aRU | ||
| 105 | _ay z |||a| | ||
| 200 | 1 |
_aДесять лет _eСтихи и поэмы |
|
| 210 |
_aМосква _cСов. писатель _d1953 |
||
| 215 |
_a228 с. _d17 |
||
| 327 | 1 | _aСодерж.: Вступление ; Циклы: Военные годы ; На страже мира ; Поэмы: Чкалов ; Сын ; Тысяча восемьсот сорок восьмой | |
| 464 | 0 | _12001#$aВступление$aВоенные годы$aНа страже мира$aЧкалов$eПоэма$aСын$eПоэма$aТысяча восемьсот сорок восьмой$eПоэма | |
| 700 | 1 |
_aАнтокольский _bП. Г. _f1896-1978 _gПавел Григорьевич |
|
| 801 | 0 |
_aRU _bNLR _gpsbo |
|
| 801 | 1 |
_aRU _bELAR _2rusmarc |
|
| 852 |
_aNLR _jЛ30 Г-1/1698 |
||
| 942 | _cBOOK | ||
| 980 | _aNB | ||